| 000 | 01833nam a2200505 i 4500 | ||
|---|---|---|---|
| 001 | 25858 | ||
| 003 | KOSZ 005 | ||
| 005 | 20200729140202.0 | ||
| 008 | 200729s1974 pl f 001 0 pol | ||
| 015 | _aUWD 1974/3261 | ||
| 035 | _a991010562409705066 | ||
| 035 | _a(PL-WaBN)b12879393-48omnis_nlop | ||
| 035 | _ab12879393 | ||
| 035 | _a(OCoLC)830237316 | ||
| 035 | _a(PL)b0000001287939 | ||
| 035 | _a(EXLNZ-48OMNIS_NETWORK)9910376174005606 | ||
| 040 |
_aWA N _cWA N _dKOSZ 005/RW |
||
| 046 | _k1974 | ||
| 080 | _a34/35 | ||
| 080 | _a(03) | ||
| 245 | 0 | 0 |
_aPrawo na codzień : _bencyklopedia podręczna / _c[autorzy: Władysław Bagiński et al. ; komitet redakcyjny Stanisław Garlicki et al. ; indeks: Wiesław Opalski, Chrystian Wójcik]. |
| 246 | 3 | _aPrawo na co dzień | |
| 250 | _aWydanie nowe [2] poprawione i uzupełnione. | ||
| 260 |
_aWarszawa : _b"Wiedza Powszechna", _c1974. |
||
| 300 |
_aXVI, [1], 964, [4] strony ; _c25 cm. |
||
| 336 |
_aTekst _btxt _2rdacontent |
||
| 337 |
_aBez urządzenia pośredniczącego _bn _2rdamedia |
||
| 338 |
_aWolumin _bnc _2rdacarrier |
||
| 380 | _aKsiążki | ||
| 380 | _aPublikacje informacyjne | ||
| 388 | 1 | _a1901-2000 | |
| 388 | 1 | _a1945-1989 | |
| 504 | _aIndeks. | ||
| 650 | 7 |
_aPrawo _2DBN |
|
| 655 | 7 |
_aEncyklopedia _2DBN |
|
| 658 | _aPrawo i wymiar sprawiedliwości | ||
| 700 | 1 |
_aBagiński, Władysław _eAutor |
|
| 700 | 1 |
_aGarlicki, Stanisław _d(1902-1972) _eRedakcja |
|
| 700 | 1 |
_aOpalski, Wiesław _c(nauki prawne) _eOpracowanie |
|
| 700 | 1 |
_aWójcik, Chrystian. _eOpracowanie |
|
| 710 | 2 |
_aPaństwowe Wydawnictwo Wiedza Powszechna _4pbl |
|
| 856 |
_uhttp://koha.tu.koszalin.pl/cgi-bin/koha/opac-detail.pl?biblionumber=25858 _yKatalog online BPK |
||
| 942 |
_2UKD _cKS |
||
| 999 |
_c25858 _d25858 |
||